Duolingo Languages - Statistics

General Stats
  • This quiz has been taken 74 times
  • The average score is 30 of 44
Answer Stats
Learners Language % Correct
148,523,000 English
100%
33,865,000 French
100%
44,269,000 Spanish
100%
20,452,000 German
96%
11,322,000 Chinese
93%
7,418,000 Portuguese
93%
6,951,000 Russian
93%
15,506,000 Italian
91%
17,230,000 Japanese
89%
1,690,000 Polish
87%
2,000,000 Swedish
87%
5,020,000 Arabic
83%
2,140,000 Dutch
83%
1,790,000 Greek
83%
8,780,000 Hindi
83%
3,120,000 Turkish
83%
1,530,000 Ukrainian
83%
15,150,000 Korean
80%
1,290,000 Norwegian (Bokmål)
78%
742,000 Danish
74%
739,000 Finnish
74%
2,000,000 Vietnamese
70%
649,000 Czech
67%
1,130,000 Hebrew
65%
836,000 Indonesian
65%
468,000 Hungarian
63%
713,000 Romanian
63%
489,000 Swahili
63%
1,500,000 Irish
61%
1,620,000 Latin
59%
Unmentioned Cantonese
46%
687,000 Catalan
46%
658,000 Hawaiian
46%
390,000 Zulu
46%
252,000 Yiddish
43%
465,000 Scottish Gaelic
41%
597,000 Welsh
41%
325,000 Esperanto
39%
272,000 Navajo
39%
305,000 Klingon
37%
402,000 Haitian Creole
35%
Unfinished Xhosa
30%
Unmentioned Guarani
28%
942,000 High Valyrian
28%
No matching quizzes found
Score Distribution
Percent of People with Each Score
Percentile by Number Answered
Your Score History
You have not taken this quiz